Phân tích, thiết kế và xây dựng phần mềm quản lý cửa hàng mỹ phẩm

Tổng quan về đề tài: Nêu lên tên đề tài, bối cảnh ra đời, ý nghĩa, mục tiêu và phạm vi nghiên cứu của đề tài. Cơ sở lý thuyết : Nghiên cứu lý thuyết, công cụ thực hiện. Phân tích và thiết kế hệ thống. Triển khai và đánh giá kết quả. Nêu lên các mặt đã đạt được và những hạn chế của đề tài, hướng phát...

Cur síos iomlán

Đã lưu trong:
Sonraí Bibleagrafaíochta
Príomhúdar: Mai Thị Kim Yến
Údair Eile: Phạm Dương Thu Hằng (Hướng dẫn)
Formáid: Leabhar
Foilsithe: Đà Nẵng Đại học Sư phạm, Đại học Đà Nẵng 2013
Ábhair:
Clibeanna: Cuir Clib Leis
Gan Chlibeanna, Bí ar an gcéad duine leis an taifead seo a chlibeáil!
Thư viện lưu trữ: Mạng thư viện Đại học Đà Nẵng
LEADER 02000nam a2200361 4500
001 000018412
003 14843
005 20131114091144.0
008 131031s2013 sd
082 1 4 |a 005.3  |b MA-Y 
100 1 |a Mai Thị Kim Yến 
245 1 |a Phân tích, thiết kế và xây dựng phần mềm quản lý cửa hàng mỹ phẩm  |c Mai Thị Kim Yến ; Phạm Dương Thu Hằng hướng dẫn  |k Khóa luận tốt nghiệp 
260 |a Đà Nẵng  |b Đại học Sư phạm, Đại học Đà Nẵng  |c 2013 
300 |a 41 tr.  |b mh.  |c 29 cm.  |e Bản tóm tắt 
500 |a Khóa luận tốt nghiệp đại học. Chuyên ngành: Cử nhân Công nghệ thông tin 
504 |a Mục lục đầu trang, tài liệu tham khảo tr. 73 - 74, phụ lục [13 tr.] 
520 |a Tổng quan về đề tài: Nêu lên tên đề tài, bối cảnh ra đời, ý nghĩa, mục tiêu và phạm vi nghiên cứu của đề tài. Cơ sở lý thuyết : Nghiên cứu lý thuyết, công cụ thực hiện. Phân tích và thiết kế hệ thống. Triển khai và đánh giá kết quả. Nêu lên các mặt đã đạt được và những hạn chế của đề tài, hướng phát triển của đề tài. 
600 1 4 |b Vua  |c Đinh Tiên Hoàng 
650 0 4 |a Phần mềm quản lý  |v Khóa luận tốt nghiệp  |x Thiết kế 
653 |a Khoa Tin học 
653 |a Phần mềm quản lí 
653 |a Cửu hàng mỹ phẩm 
700 1 |a Phạm Dương Thu Hằng  |e Hướng dẫn 
OWN |a LSP 
AVA |a UDN50  |b LSP  |d 005.3 MA-Y  |e available  |t Error 5001 Not defined in file expand_doc_bib_avail.  |f 1  |g 0  |h N  |i 0  |k 1 
999 |a From the UDN01 
AVA |a UDN50  |b LSP  |d 005.3 MA-Y  |e available  |t Error 5001 Not defined in file expand_doc_bib_avail.  |f 1  |g 0  |h N  |i 0  |k 1 
TYP |a Monograph 
TYP |a Printed language 
980 |a Mạng thư viện Đại học Đà Nẵng